000
00286nam a2200133Ia 4500
100
_a
James/Mike/ Ewbank /Kay
942
_c
RB
654
_a
Turbo Basic
245
_a
Using Turbo Basic
260
_b
Galgotia Pub.
_a
NEW DELHI
_c
1990
300
_a
202
546
_a
ENGLISH
999
_c
26311
_d
26311